BSOP header

The illustration and description of Revelation {ch}/ (Record no. 22242)

MARC details
000 -LEADER
fixed length control field 00561nam a2200157 4500
008 - FIXED-LENGTH DATA ELEMENTS--GENERAL INFORMATION
fixed length control field 041002s2003 ch chi
020 ## - INTERNATIONAL STANDARD BOOK NUMBER
International Standard Book Number 9576723426
090 ## - LOCALLY ASSIGNED LC-TYPE CALL NUMBER (OCLC); LOCAL CALL NUMBER (OCLC)
Classification number (OCLC) (R) ; Classification number, CALL (RLIN) (NR) ND3361.R5
Local cutter number (OCLC) ; Book number/undivided call number, CALL (RLIN) H34i
100 1# - MAIN ENTRY--PERSONAL NAME
Personal name He, Gung-Shang
245 10 - TITLE STATEMENT
Title The illustration and description of Revelation {ch}/
Statement of responsibility, etc Gung-Shang He.
260 ## - PUBLICATION, DISTRIBUTION, ETC. (IMPRINT)
Place of publication, distribution, etc Taipei :
Name of publisher, distributor, etc Art Books Publishing,
Date of publication, distribution, etc 2003.
300 ## - PHYSICAL DESCRIPTION
Extent 285 p. :
Other physical details col. ill.
490 1# - SERIES STATEMENT
Series statement Sheng jing yu ming hua;
Volume number/sequential designation 7
630 04 - SUBJECT ADDED ENTRY--UNIFORM TITLE
Uniform title Bible. N.T. Revelation
General subdivision Pictorial works {ch}.
951 ## - EQUIVALENCE OR CROSS-REFERENCE-GEOGRAPHIC NAME/AREA NAME [OBSOLETE] [CAN/MARC only]
General subdivision 00032209
951 ## - EQUIVALENCE OR CROSS-REFERENCE-GEOGRAPHIC NAME/AREA NAME [OBSOLETE] [CAN/MARC only]
-- C-5532
-- ND3361.R5/H34i
-- 070613111434890
-- 2000-12-21
-- CH
Holdings
Withdrawn status Lost status Source of classification or shelving scheme Damaged status Not for loan Home library Current library Shelving location Date acquired Accession number Shelving control number Total Checkouts Full call number Barcode Date last seen Price effective from Koha item type
    Library of Congress Classification     BSOP Library BSOP Library Chinese Books (General Circulation) 12/21/2000 C-5532 127   ND3361.R5/H34i 00032209 02/23/2013 02/23/2013 Books
BSOP

Biblical Seminary of the Philippines
  All rights Reserved
  © 2024

CONTACT INFORMATION

Biblical Seminary of the Philippines,
  77-B Karuhatan Road, Valenzuela City,
  PHILIPPINES 1441
  Phone: +632 8292-6795 / 8292-6798
  Fax : +632 8292-6675
  Email: library@bsop.edu.ph